000 00319nam a22001337a 4500
008 181029b xxu||||| |||| 00| 0 eng d
020 _a9780966190892
041 _aeng
080 _a101
100 _a34
101 _aFIL
245 _aMoral Foundations An Introduction To Ethics
_cSkutch.A.F
942 _2udc
_cBK
999 _c50944
_d50944